000 00563cam a2200193 4500500
005 20260329002356.0
041 _afre
042 _adc
100 1 0 _aEnjalbert, Cédric
_eauthor
245 0 0 _aHygiène de la suspicion
260 _c2012.
500 _a58
690 _aBruno Latour
690 _aComplot
690 _aCritique
690 _aLuc Boltanski
786 0 _nPhilosophie magazine | 57 | 3 | 2012-03-01 | p. 59-59 | 1951-1787
856 4 1 _uhttps://shs.cairn.info/magazine-philosophie-magazine-2012-3-page-59?lang=fr&redirect-ssocas=7080
999 _c1814364
_d1814364